Contra viento y marea!: El salmón en el sur chileno: una aproximación témporo-espacial

Saved in:
Bibliografiske detaljer
Hovedforfatter: Rosales Urrutia, Claudio (Author)
Format: Bog
Sprog:spansk
Udgivet: Osorno Universidad de los Lagos 2006
Udgivelse:1a. ed
Serier:Fuentes Monográficos
Fag:
Tags: Tilføj Tag
Ingen Tags, Vær først til at tagge denne postø!

MARC

LEADER 00000nam a2200000 a 4500
001 UCI3102
003 CL-VaPUC
008 071012e20060000CL |||||||||||||||||spa|d
020 |a 9789567533930 
082 0 4 |a 330.98353  |b ROS  |2 21 
100 0 |a Rosales Urrutia, Claudio  |e author  |9 524503 
245 1 0 |a Contra viento y marea!: El salmón en el sur chileno: una aproximación témporo-espacial 
250 |a 1a. ed 
300 |a 143 p 
942 |c BK 
945 |d 20071012 00:00:00  |a rbrito 
260 |a Osorno  |b Universidad de los Lagos  |c 2006 
650 0 |a Geografía económica   |9 267757 
650 0 |a Condiciones económicas  |9 258255 
650 0 |a Recursos naturales  |9 255232 
650 7 |a COLONIZACION ALEMANA  |2 CL-VaPUC  |9 436251 
650 0 |a Salmonicultura  |9 261348 
650 7 |a SALMON  |2 CL-VaPUC  |9 261349 
650 7 |a REGIONES ECONOMICAS  |2 CL-VaPUC  |9 357744 
651 0 |a Osorno  |9 268936 
583 |a last modification  |c 20071012 00:00:00  |k Rodrigo Vera 
490 0 |a Fuentes Monográficos 
999 |c 327496  |d 327494 
952 |0 0  |1 0  |4 0  |6 330_983530000000000_ROS_2006  |7 0  |8 CCM  |9 410364  |a BIBCUR  |b BIBCUR  |d 2019-11-22  |i 4375610  |o 330.98353 ROS 2006  |p 4375610  |r 2025-04-22  |w 2019-11-22  |y BK  |k CIM 
952 |0 0  |1 0  |4 0  |6 330_983530000000000_ROS_2006  |7 0  |8 A  |9 410365  |a BIBHIS  |b BIBHIS  |d 2019-11-22  |i 4504917  |o 330.98353 ROS 2006  |p 4504917  |r 2025-01-20  |w 2019-11-22  |y BK  |k HIS